| 000 | 00479nam a22001817a 4500 | ||
|---|---|---|---|
| 003 | CEME | ||
| 005 | 20210628205426.0 | ||
| 008 | 210316b xxu||||| |||| 00| 0 eng d | ||
| 020 | _a81-7635-042-7 | ||
| 040 | _c. | ||
| 082 | _a005.133-VB CON'V | ||
| 100 |
_aHobbs, Ashton Horsefield, Dan Conley, John D _975495 |
||
| 245 | _aVisual basic 5 development | ||
| 260 |
_aNEW DELHI _bTECHMEDIA _c1998 |
||
| 300 | _aXIV, 622P | ||
| 650 |
_aVISUAL BASIC 5 _975496 |
||
| 942 |
_cBK _2ddc |
||
| 999 |
_c580898 _d580898 |
||